[Event "Vladimir Bato Kontic Memorial 2021"]
[Site "Niksic"]
[Date "2021.04.20"]
[Round "7.5"]
[White "Dardha, Daniel"]
[Black "Krivokapic, Marko"]
[Result "0-1"]
[WhiteElo "2516"]
[BlackElo "2380"]
[Annotator "TA"]
[PlyCount "92"]
[EventDate "2021.04.17"]
[EventType "swiss"]
[EventCountry "MNE"]
[SourceTitle "playchess.com"]
[Source "ChessBase"]
[SourceQuality "1"]

{[%evp 16,92,20,17,41,10,12,0,0,0,0,0,0,-3,0,0,-8,-43,0,0,0,0,27,14,28,22,33,0,70,59,58,45,35,18,55,-56,-32,-144,-123,-417,-405,-414,-411,-387,-407,-435,-435,-435,-435,-435,-435,-435,-434,-433,-433,-428,-254,-458,-6,-8,-17,-138,-143,-143,-128,-283,-256,-258,-266,-29986,-29987,-29994,-29995,-29995,-29996,-29996,-29997,-29997,-29998]} 1. e4 c5 2. Nf3 d6 3. h3 Nf6 4. Bd3 Nc6 5. c3 g6 6. O-O Bg7 7. Bc2 O-O 8. d4 cxd4 9. cxd4 b5 {B50: Sicilian: 2...d6, Miscellaneous.} 10. a3 Bb7 {[#]} 11. Be3 $146 ({Predecessor:} 11. d5 Ne5 12. Nxe5 dxe5 13. Nc3 Qd7 14. Be3 Ne8 15. Bd3 Nd6 16. Qb3 a6 17. a4 {1-0 (28) Makeeva,T (1930)-Nikitina,E (2030) Izhevsk 2010}) 11... Na5 {The position is equal.} 12. Nbd2 Nc4 13. Nxc4 bxc4 14. d5 e6 15. dxe6 fxe6 16. Nd2 Ba6 17. Re1 Nh5 18. Rb1 Qe7 19. b4 {[%cal Bb2b4,Bb4b5][%mdl 32]} c3 20. Nf3 Nf4 21. Nd4 Rac8 (21... Bc4 $11) 22. b5 $1 $14 {[%cal Rb5a6]} Bb7 23. Rb4 d5 24. Bb3 Kh8 25. Bxf4 (25. Nc6 $14 Bxc6 26. bxc6) 25... Rxf4 $40 {[%mdl 128] Black mounts an attack.} 26. exd5 (26. e5 $1 $15) 26... Qc5 $1 $17 {[%mdl 64] Double Attack} 27. Rc4 {[%mdl 8192]} Qxc4 $19 {[%mdl 64] Decoy} 28. Bxc4 Rxd4 {[%mdl 64] Double Attack} ({Weaker is} 28... Bxd4 29. Bb3 $11) 29. Bd3 c2 $1 {[%cal Rc2d1]} 30. Qd2 {[#]} Rxd3 $1 {[%mdl 512]} 31. Qxd3 {aiming for Rc1.} c1=Q 32. Rxc1 Rxc1+ 33. Kh2 Be5+ $1 34. f4 Bxf4+ 35. g3 {And now Qd4+ would win.} Bd6 (35... Bh6 $142 36. Qd4+ Kg8) 36. Qd2 (36. Qe2 e5 37. Qd2) 36... Rb1 $2 (36... Bxa3 $19 37. Qa5 Bxd5 38. Qd8+ Kg7) 37. Qc2 $1 $11 {[%cal Rc2b1]} Rxb5 (37... Rf1 $5 38. Qe2 $8 Rf5 39. dxe6 Rg5 $11) 38. a4 (38. dxe6 $11 {was the only way to keep the balance.} Kg8 39. Qf2) 38... Rb4 $17 ({Stronger than} 38... Rxd5 39. Qb2+ Kg8 40. Qxb7 $14) 39. dxe6 Kg8 $1 40. Qf2 $2 {[#]} (40. a5 $17 {was worth a try.}) 40... Kg7 $1 $19 {Strongly threatening ...Rb1.} 41. Qf7+ Kh6 42. e7 $2 {[#]} (42. Kg1 $19 Bc5+ 43. Kf1) 42... Rb1 $1 {[%csl Gb7][%cal Rb1h1] Black mates.} 43. Qf8+ Kg5 {[%csl Gb7][%cal Rb1h1]} ({Inferior is} 43... Kh5 44. Qf5+ gxf5 45. e8=Q+ Kh6 46. Qe6+ Kg5 47. h4+ Kg4 48. Qe2+ Bf3 49. Qc4+ Be4 50. Qe2+ Bf3 51. Qc4+ Be4 52. Qe2+ Bf3 $11) 44. h4+ Kg4 {[%csl Gg4][%cal Rd6g3]} 45. Qc8+ Bxc8 46. e8=Q Bxg3+ {[%mdl 64] Double Attack.  Weighted Error Value: White=0.52/Black=0.21} 0-1

[Event "Vladimir Bato Kontic Memorial 2021"]
[Site "Niksic"]
[Date "2021.04.20"]
[Round "7.6"]
[White "Runic, Zoran"]
[Black "Basso, Pier Luigi"]
[Result "0-1"]
[WhiteElo "2378"]
[BlackElo "2552"]
[Annotator "ChessBase"]
[PlyCount "64"]
[EventDate "2021.04.17"]
[EventType "swiss"]
[EventCountry "MNE"]
[SourceTitle "playchess.com"]
[Source "ChessBase"]
[SourceQuality "1"]
[TimeControl "40/5400+30:1800+30"]

1. Nf3 {[%emt 0:00:00]} d5 {[%emt 0:12:30]} 2. d4 {[%emt 0:00:01]} Nf6 {[%emt 0:00:07]} 3. c4 {[%emt 0:00:39]} c6 {[%emt 0:00:04]} 4. Nc3 {[%emt 0:00:53]} e6 {[%emt 0:00:09]} 5. e3 {[%emt 0:01:58]} Nbd7 {[%emt 0:00:06]} 6. Qc2 {[%emt 0:01:37]} b6 {[%emt 0:00:37]} 7. cxd5 {[%emt 0:01:14]} cxd5 {[%emt 0:00:06]} 8. Bd3 {[%emt 0:04:27]} Bb7 {[%emt 0:00:27]} 9. Bd2 {[%emt 0:01:51]} a6 {[%emt 0:01:48]} 10. Ng1 {[%emt 0:05:36]} Rc8 {[%emt 0:05:42]} 11. f3 {[%emt 0:02:46]} b5 {[%emt 0:03:38]} 12. a3 {[%emt 0:00:59]} e5 {[%emt 0:03:57]} 13. Bf5 {[%emt 0:01:11]} exd4 {[%emt 0:05:57]} 14. exd4 {[%emt 0:00:06]} g6 {[%emt 0:00:05]} 15. Bh3 {[%emt 0:01:36]} Bg7 {[%emt 0:00:31]} 16. Nge2 {[%emt 0:00:35]} O-O {[%emt 0:00:09]} 17. O-O {[%emt 0:01:55]} Qb6 {[%emt 0:04:29]} 18. Kh1 {[%emt 0:01:27]} Rcd8 {[%emt 0:03:38]} 19. Qd3 {[%emt 0:02:55]} Nb8 {[%emt 0:01:15]} 20. a4 {[%emt 0:01:32]} Rfe8 {[%emt 0:14:57]} 21. a5 {[%emt 0:00:51]} Qa7 {[%emt 0:03:10]} 22. Nc1 {[%emt 0:01:23]} Bc8 {[%emt 0:04:47]} 23. Bxc8 {[%emt 0:02:09]} Rxc8 {[%emt 0:00:01]} 24. N3e2 {[%emt 0:02:44]} Rc4 {[%emt 0:03:53]} 25. b3 {[%emt 0:03:24]} Rcc8 {[%emt 0:00:14]} 26. Bb4 {[%emt 0:00:40]} Bf8 {[%emt 0:01:10]} 27. Bxf8 {[%emt 0:00:35]} Kxf8 {[%emt 0:00:07]} 28. Qd2 {[%emt 0:00:07]} Qe7 {[%emt 0:01:10]} 29. Kg1 {[%emt 0:05:42]} Nc6 {[%emt 0:02:58]} 30. Kf2 {[%emt 0:04:32]} Nb4 {[%emt 0:01:33]} 31. Nc3 {[%emt 0:00:16]} Nc2 {[%emt 0:02:07]} 32. Ra2 {[%emt 0:02:48]} Qe3+ {[%emt 0:00:46]} 0-1

[Event "Vladimir Bato Kontic Memorial 2021"]
[Site "Niksic"]
[Date "2021.04.20"]
[Round "7.7"]
[White "Potpara, Nikola"]
[Black "Injac, Teodora"]
[Result "0-1"]
[WhiteElo "2370"]
[BlackElo "2340"]
[Annotator "NA"]
[PlyCount "82"]
[EventDate "2021.04.17"]
[EventType "swiss"]
[EventCountry "MNE"]
[SourceTitle "playchess.com"]
[Source "ChessBase"]
[SourceQuality "1"]
[TimeControl "40/5400+30:1800+30"]

1. c4 {[%emt 0:02:47]} e5 {[%emt 0:01:34]} 2. g3 {[%emt 0:01:52]} Nf6 {[%emt 0:00:37]} 3. Bg2 {[%emt 0:00:15]} c6 {[%emt 0:00:21]} 4. d4 {[%emt 0:03:24]} e4 {[%emt 0:01:47]} 5. d5 {[%emt 0:01:43]} Bb4+ {[%emt 0:00:58]} 6. Bd2 {[%emt 0:03:41]} Qe7 {[%emt 0:02:26]} 7. Nc3 {[%emt 0:01:09]} O-O {[%emt 0:06:00]} 8. a3 {[%emt 0:09:32]} Bxc3 {[%emt 0:08:17]} 9. Bxc3 {[%emt 0:00:07]} d6 {[%emt 0:00:43]} 10. e3 {[%emt 0:12:59]} Bf5 {[%emt 0:04:35]} 11. Ne2 {[%emt 0:00:49]} c5 {[%emt 0:01:00]} 12. h3 {[%emt 0:01:44]} h6 {[%emt 0:17:52]} 13. g4 {[%emt 0:02:45]} Bh7 {[%emt 0:00:23]} 14. Ng3 {[%emt 0:11:43]} Nbd7 {[%emt 0:04:04]} 15. h4 {[%emt 0:04:25]} Ne5 {[%emt 0:04:52]} 16. g5 {[%emt 0:01:36]} Nd3+ {[%emt 0:04:11]} 17. Qxd3 {[%emt 0:01:49]} exd3 {[%emt 0:00:04]} 18. gxf6 {[%emt 0:00:05]} Qd7 {[%emt 0:18:46]} 19. Bh3 {[%emt 0:19:46]} Qa4 {[%emt 0:00:51]} 20. fxg7 {[%emt 0:00:24]} Rfe8 {[%emt 0:07:27]} 21. O-O {[%emt 0:01:48]} Qxc4 {[%emt 0:01:38]} 22. Nh5 {[%emt 0:02:07]} Re5 {[%emt 0:06:08]} 23. Nf6+ {[%emt 0:00:06]} Kxg7 {[%emt 0:00:05]} 24. f4 {[%emt 0:00:03]} Rxe3 {[%emt 0:04:08]} 25. Ng4+ {[%emt 0:00:35]} Qxc3 {[%emt 0:00:21]} 26. bxc3 {[%emt 0:00:17]} Rxh3 {[%emt 0:00:03]} 27. Kg2 {[%emt 0:01:36]} Rxh4 {[%emt 0:00:01]} 28. Kg3 {[%emt 0:00:06]} Rh5 {[%emt 0:00:36]} 29. c4 {[%emt 0:00:39]} Re8 {[%emt 0:01:25]} 30. Rae1 {[%emt 0:02:20]} Rxe1 {[%emt 0:00:07]} 31. Rxe1 {[%emt 0:00:07]} b5 {[%emt 0:00:36]} 32. Ne3 {[%emt 0:04:00]} bxc4 {[%emt 0:00:24]} 33. Kg4 {[%emt 0:00:05]} Rh2 {[%emt 0:00:38]} 34. Nxc4 {[%emt 0:00:06]} Rc2 {[%emt 0:03:03]} 35. Nxd6 {[%emt 0:00:10]} d2 {[%emt 0:00:09]} 36. Rd1 {[%emt 0:00:09]} c4 {[%emt 0:00:43]} 37. f5 {[%emt 0:11:00]} c3 {[%emt 0:00:07]} 38. Ne4 {[%emt 0:00:22]} Rc1 {[%emt 0:00:46]} 39. f6+ {[%emt 0:00:28]} Kg6 {[%emt 0:00:48]} 40. Nxc3 {[%emt 0:00:00]} Rxd1 {[%emt 0:00:00]} 41. Nxd1 {[%emt 0:15:23]} Kxf6 {[%emt 0:15:31]} 0-1

[Event "Vladimir Bato Kontic Memorial 2021"]
[Site "Niksic"]
[Date "2021.04.20"]
[Round "7.8"]
[White "Nikac, Predrag"]
[Black "Sahin, Ozgun"]
[Result "0-1"]
[WhiteElo "2318"]
[BlackElo "2281"]
[Annotator "NA"]
[PlyCount "72"]
[EventDate "2021.04.17"]
[EventType "swiss"]
[EventCountry "MNE"]
[SourceTitle "playchess.com"]
[Source "ChessBase"]
[SourceQuality "1"]
[TimeControl "40/5400+30:1800+30"]

1. e4 {[%emt 0:13:45]} c5 {[%emt 0:00:00]} 2. Nc3 {[%emt 0:00:32]} Nc6 {[%emt 0:00:56]} 3. Nge2 {[%emt 0:00:25]} g6 {[%emt 0:00:29]} 4. d4 {[%emt 0:00:20]} cxd4 5. Nxd4 {[%emt 0:00:09]} Bg7 {[%emt 0:00:33]} 6. Be3 {[%emt 0:00:10]} Nf6 {[%emt 0:00:31]} 7. Bc4 {[%emt 0:00:15]} O-O {[%emt 0:00:37]} 8. Bb3 {[%emt 0:00:09]} d6 {[%emt 0:01:44]} 9. h3 {[%emt 0:00:11]} Na5 {[%emt 0:02:46]} 10. O-O {[%emt 0:00:31]} a6 {[%emt 0:00:39]} 11. f4 {[%emt 0:05:56]} Nxb3 {[%emt 0:02:37]} 12. axb3 {[%emt 0:05:45]} b5 {[%emt 0:00:36]} 13. b4 {[%emt 0:03:35]} Bb7 {[%emt 0:00:26]} 14. Nb3 {[%emt 0:02:16]} Nxe4 {[%emt 0:04:40]} 15. Na5 {[%emt 0:06:20]} Nxc3 {[%emt 0:00:37]} 16. bxc3 {[%emt 0:00:24]} Be4 {[%emt 0:02:16]} 17. Ra3 {[%emt 0:03:24]} Rc8 {[%emt 0:03:09]} 18. Bd2 {[%emt 0:00:37]} Qb6+ {[%emt 0:01:52]} 19. Kh1 {[%emt 0:00:32]} d5 {[%emt 0:02:15]} 20. Qe2 {[%emt 0:00:29]} Bxc2 {[%emt 0:03:45]} 21. Qxe7 {[%emt 0:08:53]} Rfe8 {[%emt 0:00:42]} 22. Qh4 {[%emt 0:03:02]} Re2 {[%emt 0:00:25]} 23. Be1 {[%emt 0:00:11]} Be4 {[%emt 0:01:19]} 24. Bf2 {[%emt 0:00:22]} Qf6 {[%emt 0:05:31]} 25. Qg4 {[%emt 0:00:11]} Qe6 {[%emt 0:00:03]} 26. Qg3 {[%emt 0:00:36]} d4 {[%emt 0:02:46]} 27. Re1 {[%emt 0:11:20]} Rxe1+ {[%emt 0:04:27]} 28. Bxe1 {[%emt 0:00:03]} Bd5 {[%emt 0:02:45]} 29. Kh2 {[%emt 0:06:19]} Qe2 {[%emt 0:00:23]} 30. cxd4 {[%emt 0:07:23]} Rc2 {[%emt 0:00:23]} 31. h4 {[%emt 0:02:51]} Qxg2+ {[%emt 0:00:04]} 32. Qxg2 {[%emt 0:00:13]} Rxg2+ {[%emt 0:00:04]} 33. Kh3 {[%emt 0:00:19]} Re2 {[%emt 0:00:05]} 34. Ra1 {[%emt 0:01:20]} Re3+ {[%emt 0:02:49]} 35. Bg3 {[%emt 0:05:45]} Rd3 {[%emt 0:02:07]} 36. Re1 {[%emt 0:00:21]} Bxd4 {[%emt 0:01:08]} 0-1

[Event "Vladimir Bato Kontic Memorial 2021"]
[Site "Niksic"]
[Date "2021.04.20"]
[Round "7.9"]
[White "Kalezic, Blazo"]
[Black "Plenca, Jadranko"]
[Result "1-0"]
[WhiteElo "2456"]
[BlackElo "2472"]
[Annotator "ChessBase"]
[PlyCount "77"]
[EventDate "2021.04.17"]
[EventType "swiss"]
[EventCountry "MNE"]
[SourceTitle "playchess.com"]
[Source "ChessBase"]
[SourceQuality "1"]
[TimeControl "40/5400+30:1800+30"]

1. e4 {[%emt 0:00:00]} e5 {[%emt 0:19:15]} 2. Nf3 {[%emt 0:00:00]} Nc6 {[%emt 0:00:06]} 3. Bb5 {[%emt 0:00:05]} a6 {[%emt 0:00:07]} 4. Ba4 {[%emt 0:00:07]} Nf6 {[%emt 0:00:03]} 5. O-O {[%emt 0:00:12]} b5 {[%emt 0:00:40]} 6. Bb3 {[%emt 0:00:07]} Bb7 {[%emt 0:00:06]} 7. d3 {[%emt 0:02:39]} Be7 {[%emt 0:03:55]} 8. Nc3 {[%emt 0:01:49]} O-O {[%emt 0:03:47]} 9. a3 {[%emt 0:00:30]} Nd4 {[%emt 0:09:00]} 10. Ba2 {[%emt 0:00:45]} d6 {[%emt 0:04:27]} 11. Nxd4 {[%emt 0:02:03]} exd4 {[%emt 0:02:41]} 12. Ne2 {[%emt 0:00:13]} c5 {[%emt 0:00:05]} 13. Ng3 {[%emt 0:09:17]} d5 {[%emt 0:00:28]} 14. e5 {[%emt 0:11:17]} Nd7 {[%emt 0:00:05]} 15. Re1 {[%emt 0:00:43]} f5 {[%emt 0:00:39]} 16. f4 {[%emt 0:06:09]} Rc8 {[%emt 0:00:37]} 17. c3 {[%emt 0:06:33]} dxc3 {[%emt 0:00:50]} 18. bxc3 {[%emt 0:00:09]} Kh8 {[%emt 0:00:01]} 19. c4 {[%emt 0:04:13]} dxc4 {[%emt 0:05:22]} 20. dxc4 {[%emt 0:00:44]} Nb6 {[%emt 0:00:02]} 21. cxb5 {[%emt 0:01:40]} axb5 {[%emt 0:01:37]} 22. Be6 {[%emt 0:02:32]} Qc7 {[%emt 0:00:57]} 23. Nxf5 {[%emt 0:02:44]} Rcd8 {[%emt 0:04:59]} 24. Qg4 {[%emt 0:00:40]} Rxf5 {[%emt 0:00:12]} 25. Bxf5 {[%emt 0:00:34]} c4 {[%emt 0:00:05]} 26. Kh1 {[%emt 0:01:11]} Nd5 {[%emt 0:00:48]} 27. Qh3 {[%emt 0:10:25]} g6 {[%emt 0:00:42]} 28. Bxg6 {[%emt 0:00:30]} Bc5 {[%emt 0:01:43]} 29. e6 {[%emt 0:01:49]} Qg7 {[%emt 0:01:50]} 30. f5 {[%emt 0:01:31]} Bd4 {[%emt 0:02:34]} 31. Bh6 {[%emt 0:10:52]} Qe7 {[%emt 0:00:05]} 32. Bg5 {[%emt 0:01:02]} Bf6 {[%emt 0:00:20]} 33. Bxf6+ {[%emt 0:00:23]} Nxf6 {[%emt 0:00:05]} 34. Rad1 {[%emt 0:02:01]} Rg8 {[%emt 0:01:59]} 35. Re2 {[%emt 0:02:21]} c3 {[%emt 0:01:53]} 36. Qxc3 {[%emt 0:00:49]} Rg7 {[%emt 0:00:05]} 37. Rd7 {[%emt 0:03:37]} Nxd7 {[%emt 0:01:14]} 38. exd7 {[%emt 0:00:09]} Bxg2+ {[%emt 0:00:03]} 39. Kg1 {[%emt 0:00:30]} 1-0

[Event "Vladimir Bato Kontic Memorial 2021"]
[Site "Niksic"]
[Date "2021.04.20"]
[Round "7.10"]
[White "Nikcevic, Nebojsa"]
[Black "Miletic, Vuk"]
[Result "1/2-1/2"]
[WhiteElo "2393"]
[BlackElo "2254"]
[Annotator "TA"]
[PlyCount "148"]
[EventDate "2021.04.17"]
[EventType "swiss"]
[EventCountry "MNE"]
[SourceTitle "playchess.com"]
[Source "ChessBase"]
[SourceQuality "1"]

{[%evp 17,148,4,16,6,17,-20,0,0,10,2,8,10,6,0,2,4,2,2,0,3,0,0,2,2,8,7,9,6,10,0,5,1,16,14,18,0,0,0,0,0,0,0,0,0,0,0,0,0,0,0,0,0,14,14,14,14,14,14,14,14,89,89,89,89,89,89,89,89,89,89,1023,89,543,89,89,89,95,95,95,94,292,315,315,315,328,327,331,320,357,325,322,268,200,171,320,309,312,325,329,300,317,319,319,297,310,303,257,111,99,102,113,0,95,8,8,0,0,0,0,0,0,0,0,0,0,-8,0,0,0,0,0,0,0]} 1. Nf3 Nf6 2. c4 e6 3. g3 d5 4. Bg2 Be7 5. O-O O-O 6. b3 b6 7. cxd5 Nxd5 8. Bb2 Bb7 9. d4 Nd7 10. Nbd2 {A14: English Opening: 1...e6 with b3 by White.} c5 11. a3 {is the legacy move (11.Rc1).} Rc8 12. Rc1 cxd4 13. Nxd4 Rxc1 14. Qxc1 Qa8 15. Qa1 N5f6 16. Bxb7 Qxb7 17. Rc1 Rc8 {[#]} 18. Rxc8+ $146 (18. b4 {feels hotter.} a6 19. Rxc8+ Qxc8 20. e4 b5 21. N4b3) ({Predecessor:} 18. Nc4 Nc5 19. Qb1 Nce4 20. f3 Nd6 21. Ne5 Nde8 22. Nec6 Bc5 23. b4 Rxc6 24. bxc5 Rxc5 {½-½ (41) Luft,U (2075)-Stolz,D (1754) Germany 2005}) 18... Qxc8 19. Qc1 Qxc1+ 20. Bxc1 a6 21. Nc6 Kf8 22. Bb2 Ke8 23. f3 Bd6 24. e4 Nb8 25. Nxb8 Bxb8 26. Bxf6 gxf6 $11 {[%mdl 4096] Endgame KB-KN} 27. Kf2 Kd7 28. Ke3 Bd6 29. a4 Kc6 30. Kd3 b5 31. axb5+ axb5 32. f4 Bc7 33. b4 Bd6 34. Kc3 Bb8 35. Nf3 Bd6 36. Nd4+ Kb6 37. Kb3 Bc7 38. f5 e5 (38... exf5 $11 {remains equal.} 39. Nxf5 Kc6) 39. Nc2 $16 Kc6 40. Ne3 Bd8 41. Nd5 Kd7 42. Kc2 Be7 43. Kd3 Ke8 $2 {[%mdl 8192] [#]} (43... Bd8 $16) 44. Ke2 $2 (44. Nxe7 $18 {and the rest is easy.} Kxe7 45. Ke2) 44... Kf8 $2 {[%mdl 8192]} (44... Bd8 $16 {is more resistant.}) 45. Kf3 $2 (45. Nxe7 $18 Kxe7 46. Kf3) 45... Bd8 46. Kg4 Kg7 47. Kh5 h6 48. Kg4 Kf8 $2 {[#]} (48... Kh7 $16 {might work better.}) 49. Kf3 $18 Ke8 {If Black can now play ...Kf8 this consolidates a bit.} 50. Ke2 Be7 51. Kd3 Kd7 52. Kc3 Kd6 53. Ne3 Bf8 54. Ng4 Bg7 55. Kd3 Kc6 (55... Kd7 $142 56. Ke2 Kc6) 56. Ne3 Bf8 57. Nd5 Bg7 58. Ke2 Kd7 59. Kf3 Bh8 60. Kg4 Bg7 61. Kh5 Kd6 62. h4 (62. Nc3 $18 {has better winning chances.} Kc6 63. Nd5) 62... Kd7 $16 63. Ne3 Bf8 64. Nd5 (64. Ng4 {looks sharper.} Kc6 65. Nxh6 Bxb4 66. Nxf7 Bf8 67. Nd8+) 64... Bg7 $1 65. g4 (65. Nc3 $16 Kc6 66. Nd5) 65... Kd6 $11 {The position is equal.} 66. g5 hxg5 67. hxg5 fxg5 68. Kxg5 Kd7 69. f6 (69. Nf6+ {is more complex.} Ke7 70. Ng4 Bf8 71. Ne3 Bg7 72. Nd5+) 69... Bf8 70. Kf5 Bd6 71. Nc3 Kc6 72. Nd5 Kd7 73. Kg5 Bf8 74. Kf5 Bd6 {Blacks defense is rewarded with a draw.  Weighted Error Value: White=0.34/Black=0.27} 1/2-1/2

[Event "Vladimir Bato Kontic Memorial 2021"]
[Site "Niksic"]
[Date "2021.04.20"]
[Round "7.11"]
[White "Tomic, Aleksandar"]
[Black "Sukovic, Andrej"]
[Result "1-0"]
[WhiteElo "2377"]
[BlackElo "2283"]
[Annotator "NA"]
[PlyCount "115"]
[EventDate "2021.04.17"]
[EventType "swiss"]
[EventCountry "MNE"]
[SourceTitle "playchess.com"]
[Source "ChessBase"]
[SourceQuality "1"]
[TimeControl "40/5400+30:1800+30"]

1. e4 c5 2. Nf3 d6 3. d4 cxd4 4. Qxd4 Nc6 5. Qe3 g6 6. c4 Bg7 7. h3 Nf6 8. Be2 O-O 9. O-O Nd7 10. Nc3 Nde5 11. Rd1 Nxf3+ 12. Bxf3 Qa5 13. Be2 Qc5 14. Qg3 Nd4 15. Bf1 Qh5 16. Bg5 f6 17. Bf4 e5 18. Be3 f5 19. exf5 Nxf5 20. Qg5 Nxe3 21. Qxe3 Bh6 22. Qe2 Qh4 23. Rxd6 Bf5 24. c5 Rae8 25. Qc4+ Qxc4 26. Bxc4+ Kh8 27. Bd5 Rc8 28. g4 Bc2 29. Be4 Bxe4 30. Nxe4 Rf4 31. Re1 Bf8 32. Rd5 Kg8 33. Kg2 Rc6 34. Re2 b6 35. b4 bxc5 36. bxc5 Re6 37. f3 Be7 38. Rb2 Rf8 39. Rb7 Ra8 40. Rdd7 Kf8 41. Rxa7 Ra6 42. Rxa8+ Rxa8 43. Rd2 Ke8 44. Kg3 h5 45. gxh5 gxh5 46. Rd5 h4+ 47. Kg4 Rxa2 48. Kf5 Ra3 49. Kg4 Ra2 50. Rxe5 Re2 51. Kf5 Rh2 52. c6 Rc2 53. Re6 Kf8 54. f4 Rc4 55. Nd6 Bxd6 56. Rxd6 Rc3 57. Kg4 Rc4 58. Kg5 1-0

[Event "Vladimir Bato Kontic Memorial 2021"]
[Site "Niksic"]
[Date "2021.04.21"]
[Round "8.1"]
[White "Sanal, Vahap"]
[Black "Suleymanli, Aydin"]
[Result "0-1"]
[WhiteElo "2572"]
[BlackElo "2520"]
[Annotator "RC"]
[PlyCount "84"]
[EventDate "2021.04.17"]
[EventType "swiss"]
[EventCountry "MNE"]
[SourceTitle "playchess.com"]
[Source "ChessBase"]
[SourceQuality "1"]
[TimeControl "40/5400+30:1800+30"]

1. e4 {[%emt 0:00:00]} c6 {[%emt 0:00:20]} 2. d4 {[%emt 0:00:00]} d5 {[%emt 0:00:05]} 3. exd5 {[%emt 0:00:00]} cxd5 {[%emt 0:00:10]} 4. Bd3 {[%emt 0:00:00]} Nc6 {[%emt 0:00:24]} 5. c3 {[%emt 0:00:05]} Qc7 {[%emt 0:00:03]} 6. h3 {[%emt 0:00:19]} e6 {[%emt 0:01:17]} 7. Nf3 {[%emt 0:01:52]} Bd6 {[%emt 0:00:05]} 8. O-O {[%emt 0:00:29]} Nge7 {[%emt 0:00:13]} 9. Re1 {[%emt 0:00:19]} O-O {[%emt 0:01:41]} 10. b3 {[%emt 1:31:56]} Rd8 {[%emt 0:05:16]} 11. Ba3 {[%emt 0:00:00]} f6 {[%emt 0:11:17]} 12. c4 {[%emt 0:00:00]} Ng6 {[%emt 0:13:58]} 13. Bxd6 {[%emt 0:00:00]} Qxd6 {[%emt 0:00:42]} 14. Nc3 {[%emt 0:00:00]} dxc4 {[%emt 0:03:51]} 15. Bxc4 {[%emt 0:00:00]} Nf4 {[%emt 0:10:29]} 16. Ne4 {[%emt 0:00:00]} Qe7 {[%emt 0:02:06]} 17. Rc1 {[%emt 0:00:00]} Na5 {[%emt 0:10:47]} 18. Qd2 {[%emt 0:00:00]} Nxc4 {[%emt 0:00:06]} 19. bxc4 {[%emt 0:00:00]} Ng6 {[%emt 0:02:05]} 20. h4 {[%emt 0:00:00]} Nf8 {[%emt 0:05:04]} 21. Qf4 {[%emt 0:00:00]} b6 {[%emt 0:03:08]} 22. h5 {[%emt 0:00:00]} h6 {[%emt 0:00:49]} 23. d5 {[%emt 0:00:00]} Qf7 {[%emt 0:02:55]} 24. Qg3 {[%emt 0:00:00]} Kh7 {[%emt 0:13:29]} 25. Nd4 {[%emt 0:00:00]} exd5 {[%emt 0:08:05]} 26. cxd5 {[%emt 0:00:00]} Rxd5 {[%emt 0:00:49]} 27. Nd6 {[%emt 0:00:00]} Qxh5 {[%emt 0:00:41]} 28. Ne2 {[%emt 0:02:00]} Rc5 {[%emt 0:01:26]} 29. Rxc5 {[%emt 0:03:44]} bxc5 {[%emt 0:00:44]} 30. Nf4 {[%emt 0:00:22]} Qg4 {[%emt 0:01:37]} 31. Qd3+ {[%emt 0:00:38]} Ng6 {[%emt 0:01:00]} 32. Nd5 {[%emt 0:00:49]} Qd4 {[%emt 0:00:36]} 33. Re7 {[%emt 0:00:59]} Qa1+ {[%emt 0:00:36]} 34. Kh2 {[%emt 0:00:08]} f5 {[%emt 0:00:28]} 35. Re3 {[%emt 0:03:10]} Qd4 {[%emt 0:00:26]} 36. Qb3 {[%emt 0:00:38]} c4 {[%emt 0:00:33]} 37. Qb5 {[%emt 0:00:10]} c3 {[%emt 0:00:32]} 38. Qc6 {[%emt 0:00:34]} Ne5 {[%emt 0:00:31]} 39. Qxa8 {[%emt 0:00:21]} Ng4+ {[%emt 0:00:20]} 40. Kh3 {[%emt 0:00:00]} Nxe3 {[%emt 0:00:00]} 41. Nxe3 {[%emt 0:17:49]} Bd7 {[%emt 0:21:10]} 42. Nf7 {[%emt 0:10:48]} f4+ {[%emt 0:01:26]} 0-1

[Event "Vladimir Bato Kontic Memorial 2021"]
[Site "Niksic"]
[Date "2021.04.21"]
[Round "8.2"]
[White "Draskovic, Luka"]
[Black "Niemann, Hans Moke"]
[Result "1/2-1/2"]
[WhiteElo "2472"]
[BlackElo "2508"]
[Annotator "TA"]
[PlyCount "80"]
[EventDate "2021.04.17"]
[EventType "swiss"]
[EventCountry "MNE"]
[SourceTitle "playchess.com"]
[Source "ChessBase"]
[SourceQuality "1"]

{[%evp 15,80,19,39,19,30,24,29,22,22,23,34,22,55,21,26,18,27,18,15,2,8,1,14,4,40,23,37,9,14,0,0,-18,0,0,53,0,0,-13,0,0,0,0,0,0,0,0,0,0,0,0,0,0,0,0,0,0,0,0,0,0,0,0,0,0,0,0,0]} 1. c4 e5 2. Nc3 Nf6 3. g3 c6 4. Nf3 e4 5. Nd4 d5 6. cxd5 cxd5 7. d3 Bc5 8. Nb3 Bb4 9. dxe4 {A23: English Opening: 1...e5 2 Nc3 Nf6 3 g3 c6.} Nxe4 10. Bd2 {[#] And now Nxe4 would win.} Bxc3 11. Bxc3 {White has an edge.} Nxc3 12. bxc3 O-O 13. Bg2 Qc7 {[#]} 14. Qd2 $146 ({Predecessor:} 14. O-O Qxc3 15. Qxd5 Nc6 16. Qc5 Qxc5 17. Nxc5 Na5 18. Rfd1 Re8 19. Rac1 Rb8 20. Nd7 Bxd7 21. Rxd7 {½-½ (51) Ivanisevic,I (2587)-Janik,I (2422) Batumi 2018}) 14... Be6 15. O-O Rd8 16. Rfd1 Nd7 17. Rac1 Nf6 18. Nd4 Bd7 19. Qb2 Ba4 20. Rd3 Rac8 21. Qb4 Bd7 22. Rcd1 a6 {[%cal Ba7a6,Ba6a5,Ba5a4][%mdl 32]} 23. Nb3 Bf5 {aiming for ...a5.} 24. Rd4 {[%cal Rg2d5]} b6 ({Black should try} 24... Be6 $11) 25. Bf3 ({Better is} 25. Bxd5 $14 a5 26. Qc4 Rxd5 27. Qxc7 Rxc7 28. Rxd5 Nxd5 29. Rxd5) 25... a5 $11 {The position is equal.} 26. Qb5 {[%cal Rf3d5]} Bd7 27. Qd3 a4 28. Nd2 Qxc3 29. Qxc3 Rxc3 30. Bxd5 Be6 31. Ne4 Nxe4 32. Bxe6 {[%cal Rd4d8] [#]} Rxd4 33. Rxd4 {[%cal Rd4d8]} fxe6 34. Rxe4 {[%mdl 4096] Endgame KR-KR} b5 35. Rxe6 a3 36. Rb6 Rc1+ 37. Kg2 Rb1 38. e4 b4 {...b3! is the strong threat.} 39. Ra6 Rb2 40. Rb6 Rb1 {Weighted Error Value: White=0.09/Black=0.08} 1/2-1/2